| 000 | 00370nam a2200133Ia 4500 | ||
|---|---|---|---|
| 008 | 220217s9999||||xx |||||||||||||| ||und|| | ||
| 020 | _a9788131215197 | ||
| 082 | _a621.3822 TAN | ||
| 100 | _aTan, Li | ||
| 245 | 0 | _aDigital signal processing | |
| 260 |
_aElsevier Academic press _bNew Delhi _c2011 |
||
| 300 |
_aXVI, 816p. _b465 |
||
| 650 |
_aSIGNAL PROCESSING _9719 |
||
| 999 |
_c182839 _d182839 |
||